000 01381nam a2200301Ia 4500
001 B6922
003 IT-RoPAU
008 130308s9999 xx 000 0 und d
040 _aIT-RoPAU
040 _cIT-RoPAU
041 _aFRANCESE
100 _aPatillon Michel
100 _gCodice Aut. SPICS: 28956
245 _aPrecis d'analyse litteraire-2-Decrire la poesie
245 _bPrecis D'Analyse Litteraire-2-Decrire la Poesie
250 _a1a ed.
260 _aPARIS
260 _bNathan
260 _c1988 [1° Ed.:1988 - Ed.Ling.Originale:1988]
300 _a"144 p. (prefazione: no ; testo: 144 [pagine: 0-0])"
500 _aSommario di Analisi Letteraria: Descrivere la Poesia. Prosa, Poesia e Segno Poetico: Funzioni del Linguaggio nella Comunicazione Linguistica, Due Piani di Linguaggio: motivazione Linguistica e Poetica, Due Assi del Linguaggio, Figura Fonica della Poesia, isomorfismo e Trasformazione. piano dell'Espressione: Figura Fonica Convenzionale: Sillaba, Ritmo, Rima Strofa, Livellofonemico. livello Grammaticale: Dalla Frase Alla Parola, Radici, Derivati,Figure delle Parole,rRime e Grammatica. livello Lessematico: sequenze Isotope, Modelli Referenziali, micro Universi Funzionali e Qualitativi.
650 _aSAGGI DI LINGUISTICA
650 _eCodice materia Spics: 3207
942 _cBK
957 _71
999 _c65898
_d65898
999 _bSI
999 _g1